Data Envelopment Analysis, EPI, CIP, ECO-Innovation and GBAORD in Context With Environmental Taxes
Salvato in:
| Autore principale: | |
|---|---|
| Altri autori: | |
| Natura: | Capitolo di libro |
| Lingua: | inglese |
| Soggetti: | |
| Tags: |
Nessun Tag, puoi essere il primo ad aggiungerne!!
|
MARC
| LEADER | 00000naa$a2200000$$$4500 | ||
|---|---|---|---|
| 001 | 0281361 | ||
| 005 | 20240502074358.8 | ||
| 041 | 0 | |a eng | |
| 044 | |a SK | ||
| 245 | 1 | 0 | |a Data Envelopment Analysis, EPI, CIP, ECO-Innovation and GBAORD in Context With Environmental Taxes |c Jana Simonidesová, Stanislav Rudý |
| 500 | |a abstrakt | ||
| 610 | 2 | 0 | |a environmentalistika |
| 610 | 2 | 0 | |a dane ekologické |
| 610 | 2 | 0 | |a inovácie environmentálne |
| 610 | 2 | 0 | |a efektívnosť |
| 610 | 2 | 0 | |a analýza obaľovania dát |
| 100 | 1 | |a Simonidesová, Jana, 1968- | |
| 700 | 1 | |a Rudý, Stanislav, 1997- | |